Obras de P. G. Wodehouse. (Record no. 130934)

MARC details
000 -LEADER
campo de control de longitud fija 01016nam a2200241 i 4500
001 - NÚMERO DE CONTROL
campo de control 130934
003 - IDENTIFICADOR DE NÚMERO DE CONTROL
campo de control ES-MaACL
005 - FECHA Y HORA DE LA ÚLTIMA TRANSACCIÓN
campo de control 20240324063004.0
007 - CAMPO FIJO DE DESCRIPCIÓN FÍSICA--INFORMACIÓN GENERAL
campo de control de longitud fija t|
008 - DATOS DE LONGITUD FIJA--INFORMACIÓN GENERAL
campo de control de longitud fija 070813s1960 sp ||||1| spa d
100 1# - ENTRADA PRINCIPAL--NOMBRE DE PERSONA
Nombre de persona Wodehouse, P. G.,
Fechas asociadas al nombre 1881-1975
9 (RLIN) 117205
245 10 - MENCIÓN DEL TÍTULO
Título Obras de P. G. Wodehouse.
260 ## - PUBLICACIÓN, DISTRIBUCIÓN, ETC.
Lugar de publicación, distribución, etc. Buenos Aires :
Nombre del editor, distribuidor, etc. Plaza & Janés,
Fecha de publicación, distribución, etc. 1960.
300 ## - DESCRIPCIÓN FÍSICA
Extensión XVI, 1348 p. ;
Dimensiones 18 cm.
500 ## - NOTA GENERAL
Nota general Retrato del autor.
505 8# - NOTA DE CONTENIDO CON FORMATO
Nota de contenido con formato Contiene: ¡Muy bien, Jeeves! / traducción de Juan G. de Luaces ; ¡Adelante, Jeeves! / traducción de Luis Jordá ; ¡Gracias, Jeeves! / traducción de Juan G. de Luaces ; El código de los Wooster / traducción de M. Bosch Barrett ; De acuerdo, Jevees / traducción de Emilia Bertel ; El inimitable Jeeves / traducción de Emilia Bertel
700 1# - ENTRADA AGREGADA--NOMBRE PERSONAL
Nombre de persona Luaces, Juan G. de.
9 (RLIN) 74483
700 1# - ENTRADA AGREGADA--NOMBRE PERSONAL
Nombre de persona Jordá, Luis.
9 (RLIN) 66897
700 1# - ENTRADA AGREGADA--NOMBRE PERSONAL
Nombre de persona Bosch Barrett, Manuel.
9 (RLIN) 30649
700 1# - ENTRADA AGREGADA--NOMBRE PERSONAL
Nombre de persona Bertel, Emilia.
9 (RLIN) 28431
852 ## - LOCALIZACIÓN
Ubicación ES-MaACL
Número de control de estantería E-3731
Holdings
Estatus retirado Estado de pérdida Estado de daño No para préstamo Biblioteca de origen Biblioteca actual Ubicación en estantería Fecha de adquisición Fuente de adquisición Total de préstamos Signatura topográfica completa Código de barras Visto por última vez Precio de reemplazo Tipo de ítem Koha
        Biblioteca del Ateneo de Madrid Biblioteca del Ateneo de Madrid Depósito 2 17/01/2008     E-3731 1136320 23/02/2023 23/02/2023 Libro impreso